00994nam a2200205Ia 4500003000400000005001700004008004100021040002100062041000800083082002300091100003400114245005300148260004300201300007800244500005200322505034700374650001500721650003400736650001800770OSt20210901165708.0210310s1950 sp ad gr 000 0 spa d aCO-JMCRcCO-JMCR0 aspa04a338.6 /bR615o2231 aRius Sientes, Isidro, eautor10aOrganización industrial / cIsidro Rius Sintes aBarcelona, España : bBosch, c1950. a[124] páginas : bilustraciones y graficas en blanco y negro ; c23 cm. aIncluye índice analítico y bibliografía. 0 aEstablecimientos e instalaciones industriales. -- La Organización Industrial. -- La Tipificación Industrial. -- Estudio de los movimientos y cronometraje de los mismos. -- La división del trabajo. -- La fatiga. -- La Orientación y la Selección Profesionales. -- La prevención de accidentes. -- Los salarios. -- El precio de coste.14aIndustria 24aSelección de profesionales 24aLos salarios